Náklady a výnosy poľnohospodárskych výrobkov v SR za rok 2006 v triedení podľa výrobných oblastí

Gespeichert in:
Bibliographische Detailangaben
Weitere Verfasser: Kubanková, Mária, Burianová, Viera
Format: Buch
Sprache:Slowakisch
Veröffentlicht: Bratislava Výskumný ústav ekonomiky poľnohospodárstva a potravinárstva 2007
Schlagworte:
Tags: Tag hinzufügen
Keine Tags, Fügen Sie das erste Tag hinzu!

MARC

LEADER 00000nam$a2200000$$$4500
001 0070857
005 20240223110309.7
020 |a 978-80-8058-470-2 
041 0 |a slo 
044 |a SK 
245 1 0 |a Náklady a výnosy poľnohospodárskych výrobkov v SR za rok 2006 v triedení podľa výrobných oblastí  |c zostavila: Mária Kubanková, Viera Burianová 
264 1 |a Bratislava  |b Výskumný ústav ekonomiky poľnohospodárstva a potravinárstva  |c 2007 
300 |a 60 s. 
610 2 0 |a výrobky poľnohospodárske 
610 2 0 |a náklady 
610 2 0 |a výnosy 
610 2 0 |a výsledok hospodársky 
610 2 0 |a podnik poľnohospodársky 
610 2 0 |a kalkulácia 
610 2 0 |a Slovensko 
610 2 0 |a 2006 
700 1 |a Kubanková, Mária 
700 1 |a Burianová, Viera